000 00725nam a2200205 i 4500
001 38451
003 ES-MaACL
005 20250513063019.0
007 t|
008 030225s1898 fr ||||1| fre d
100 1 _aCalderón de la Barca, Pedro,
_d1600-1681
_eaut
_9239594
245 1 0 _aDrames religieuses
_b: Les cheveux d'Absalon. La vierge du sagrario. Le purgatoire et Saint Patrice /
_cde [Pedro] Calderón [de la Barca] ; traduits avec des notices et des notes par Leo Rouanet.
260 _aParis :
_b[s.n.,
_c1898] (
_fNoisette)
300 _aVIII, 404 p. ;
_c23 cm.
650 1 4 _a
_9239543
700 1 _aRouanet, Léo.
_999992
852 _aES-MaACL
_jF-2301
942 _2udc
999 _c38451
_d38451